| 000 | 00589nam a2200205Ia 4500 | ||
|---|---|---|---|
| 005 | 20260429112146.0 | ||
| 008 | 260429s9999||||xx |||||||||||||| ||und|| | ||
| 020 | _a9781032846309 | ||
| 041 | _aEnglish | ||
| 082 |
_a401.4028 _bVAR |
||
| 100 | _aVargo, Chris J. | ||
| 245 | 0 |
_aComputational content analyst : _busing machine learning to classify media messages / _cChris J. Vargo |
|
| 250 | _a1st ed. | ||
| 260 |
_aNew York : _bRoutledge, _c2025. |
||
| 300 | _aix, 133 p.; pbk | ||
| 650 | _a Machine learning | ||
| 650 | _a Media | ||
| 650 | _aComputational analyst | ||
| 942 | _cTB | ||
| 999 |
_c52654 _d52654 |
||